O mistério da fábrica de livros (Record no. 56563)

MARC details
000 -LÍDER
campo de controle de tamanho fixo 00356 a2200157 4500
001 - NÚMERO DE CONTROLE
campo de controle 56563
020 ## - ISBN - INTERNATIONAL STANDARD BOOK NUMBER
ISBN - International Standard Book Number
040 ## - FONTE DA CATALOGAÇÃO
Instituição que transcreveu o registro Anchieta - Pituba
100 ## - ENTRADA PRINCIPAL--NOME PESSOAL
Nome pessoal Bandeira, Pedro
240 10 - TÍTULO UNIFORME
Título uniforme O mistério da fábrica de livros
Idioma da obra por
245 10 - TÍTULO
Título O mistério da fábrica de livros
300 ## - DESCRIÇÃO FÍSICA
Extensão 86
362 0# - DATAS DE PUBLICAÇÃO E/OU DESIGNAÇÃO SEQUENCIAL
Datas de publicação e/ou designação sequencial 1988
650 #4 - ASSUNTO--TERMO TÓPICO
Cabeçalho tópico ou nome geográfico Literatura juvenil
942 ## - ELEMENTOS DE ENTRADA ADICIONADOS (KOHA)
Tipo de material Koha Livros
Holdings
Situação do descarte Situação das perdas Situação física Não pode ser emprestado Biblioteca de origem Biblioteca atual Data de aquisição Total de empréstimos Número de chamada completo Código de barras Data de último acesso Data do preço efetivo Tipo de material Koha Fonte da classificação ou esquema de arquivamento na estante Número do exemplar
        Colégio Anchieta - Pituba Colégio Anchieta - Pituba 21/11/2023   LJ 028.5 B214m BAN MIS 6106/PIT 21/11/2023 21/11/2023 Livros    
        Portinari - Salvador Portinari - Salvador 08/07/2024   028.5 B214m 4156/CCP 08/07/2024 08/07/2024 Livros   Ex. 1
        Portinari - Salvador Portinari - Salvador 22/07/2024   028.5 B214m 5183/CCP 22/07/2024 22/07/2024 Livros   Ex. 2